000
00312nam a2200121Ia 4500
008
220204s9999 xx 000 0 und d
082
_a
065
_b
BIT
100
_a
Bittel, Lester R
245
0
_a
What every executive should know
260
_a
New York
_b
Alexander Hamilton6c1980
650
_a
Management
942
_c
BK
999
_c
36895
_d
36895